Obecné noviny týždenník miest a obcí

Uložené v:
Podrobná bibliografia
Médium: Seriál
Jazyk:Slovak
Vydavateľské údaje: Bratislava INPROST
Predmet:
Tagy: Pridať tag
Žiadne tagy, Buďte prvý, kto otaguje tento záznam!

MARC

LEADER 00000nas1a22000001 4500
001 s120198
005 20240117143328.5
022 |a 1335-650X 
041 0 |a slo 
044 |a SK 
245 1 0 |a Obecné noviny  |b týždenník miest a obcí 
264 1 |a Bratislava  |b INPROST 
500 |a [Printová verzia ukončená od č. 17-18 (2023)] 
610 2 0 |a mestá 
610 2 0 |a obce 
610 2 0 |a samospráva